书目信息 |
| 题名: |
聚散依依
|
|
| 作者: | 翟墨 著 | |
| 分册: | ||
| 出版信息: | 北京 中国摄影出版社 2002 |
|
| 页数: | 255页 | |
| 开本: | 21cm | |
| 丛书名: | ||
| 单 册: | ||
| 中图分类: | J405.2 | |
| 科图分类: | ||
| 主题词: | 摄影艺术--艺术评论--世界 , CT--S065771--摄影艺术 , CT--S088398--艺术评论 , 摄影艺术--艺术理论 | |
| 电子资源: | ||
| ISBN: | 7-80007-530-3 | |
| 000 | 01023nam0 2200289 45 | |
| 001 | 012002061349 | |
| 005 | 20031219104109.2 | |
| 010 | @a7-80007-530-3@dCNY20.00@z7-80007-503-3 | |
| 100 | @a20020805d2002 em y0chiy0110 ea | |
| 101 | 0 | @achi |
| 102 | @aCN@b110000 | |
| 105 | @aa z 000yy | |
| 106 | @ar | |
| 200 | 1 | @a聚散依依@9ju san yi yi@e图文时代的摄影与绘画@f翟墨著 |
| 210 | @a北京@c中国摄影出版社@d2002 | |
| 215 | @a255页@c照片@d21cm | |
| 330 | @a本书包括:走进图像时代、缩影中国城、本色的魅力、摄眼深深深几许、他有三只眼睛、快门里的人体世界等内容。 | |
| 510 | 1 | @aThe Colection of Photography@ePhotograph and Painting in the Age of Picture and Writing@zeng |
| 517 | 1 | @a图文时代的摄影与绘画@9tu wen shi dai de she ying yu hui hua |
| 606 | 0 | @a摄影艺术@x艺术评论@y世界 |
| 606 | 0 | @2CT@3S065771@a摄影艺术 |
| 606 | 0 | @2CT@3S088398@a艺术评论 |
| 606 | 0 | @a摄影艺术@x艺术理论 |
| 690 | @aJ405.2@v4 | |
| 701 | 0 | @a翟墨@9zhai mo@4著 |
| 801 | @aCN@bTSTC@c20030414 | |
| 905 | @b322550-552@dJ405.2@e140@f3 | |
| 聚散依依:图文时代的摄影与绘画/翟墨著.-北京:中国摄影出版社,2002 |
| 255页:照片;21cm |
| ISBN 7-80007-530-3:CNY20.00 |
| 本书包括:走进图像时代、缩影中国城、本色的魅力、摄眼深深深几许、他有三只眼睛、快门里的人体世界等内容。 |
| ● |
| 相关链接 |
|
|
|
|
正题名:聚散依依
索取号:J405.2/140
 
预约/预借
| 序号 | 登录号 | 条形码 | 馆藏地/架位号 | 状态 | 备注 |
| 1 | 0322550 | 203225508 | 第一借阅区/ [索取号:J405.2/140] | 在馆 | |
| 2 | 0322551 | 203225517 | 第一借阅区/ [索取号:J405.2/140] | 在馆 | |
| 3 | 0322552 | 203225526 | 第一样本阅览室/ [索取号:J405.2/140] | 在馆 |